000 00301nam a22001337a 4500
008 170421b xxu||||| |||| 00| 0 eng d
020 _a0867200510
041 _aeng
080 _a573
100 _a11
101 _aSHM
245 _aESSENTIALS OF MOLECULAR BIOLOGY
_cFREIFELDER, D
942 _2udc
_cBK
999 _c11525
_d11525